000 01508cam a2200313 a 4500
999 _c16206
_d16206
001 3525189
005 20161109094512.0
008 960729s1997 ctua c b 001 0 eng
010 _a 96027606
020 _a0717276171 (set)
040 _aDLC
_cDLC
_dDLC
042 _alcac
050 0 0 _aR130.5 .D57 1997
082 0 0 _a616/.003
_220
245 0 0 _aDiseases /
_cBryan Bunch, editor.
260 _aDanbury, CT :
_bGrolier Educational,
_c1997.
300 _a8 v. :
_bcol. ill. ;
_c26 cm.
500 _a"A Hudson Group book."
500 _aIncludes index.
505 0 _av. 1. Abscess to bone diseases -- v. 2. Bones to dermatitis -- v. 3. Detached retina to gallstones -- v. 4. Gangrene to infantile paralysis -- v. 5. Infants and disease to multiple sclerosis -- v. 6. Mumps to polyps -- v. 7. Porphyrias to spasm -- v. 8. Spider bites to zoonoses.
520 _aAlphabetically arranged articles present medical information on more than 400 diseases, discussing sources, symptoms, stages of the disease, its likelihood of striking, treatments, prevention, and long-term effects.
650 0 _aDiseases
_xEncyclopedias, Juvenile.
650 1 _aDiseases
_xEncyclopedias.
700 1 _aBunch, Bryan H.
710 2 _aGrolier Educational (Firm)
906 _a7
_bcbc
_corignew
_d1
_eocip
_f19
_gy-gencatlg
942 _2lcc
_cBOOKS
_hR130.5 .D57 1997